| 000 | 00000nam##2200000za#4500 |
| 001 | 9.627017 |
| 003 | CaOODSP |
| 005 | 20210615104857 |
| 007 | ta |
| 008 | 150406|2005||||xxc||||| f|0| 0 fre|d |
| 040 | |aCaOODSP|bfre |
| 043 | |an-cn--- |
| 086 | 1 |aNH18-22/105-101F |
| 110 | 2 |aSociété canadienne d'hypothèques et de logement. |
| 245 | 10|aIncidence des moteurs à commutation électronique des générateurs de chaleur sur la consommation d'électricité et de gaz |
| 260 | |bSociété canadienne d'hypothèques et de logement |c2005. |
| 300 | |a3, [1]p. : |btableau ; |c28 cm. |
| 490 | 1 |aLe point en recherche. Série technique |v05-101 |
| 520 | 3 |aCes rapports techniques résument un large éventail d’études, de rapports et d’ouvrages divers relatifs au logement. Ils se penchent sur des questions aussi diversifiées que l’aménagement paysager à peu d’entretien dans le Nord; les possibilités d’action pour obtenir des environnements intérieurs sains; et divers aspects de la performance des installations, comme la performance de l’enveloppe de tours d’habitation, la performance de divers matériaux de construction, et l’évaluation de la performance d’installations de chauffage urbain. |
| 563 | |aDépliant |
| 590 | |a05-35|b2005-09-02 |
| 775 | 08|tEffects of ECPM furnace motors on electricity and gas use |w(CaOODSP)9.617495 |
| 776 | 0#|tIncidence des moteurs à commutation électronique des générateurs de chaleur sur la consommation d'électricité et de gaz |w(CaOODSP)9.608032 |
| 830 | #0|aLe point en recherche. Série technique ;|v05-101|w(CaOODSP)9.513179 |